| 000 | 01915nam a2200265Ia 4500 | ||
|---|---|---|---|
| 003 | CO-CtgCURN | ||
| 005 | 20251029152054.0 | ||
| 008 | 190725s1995 xx 000 0 und d | ||
| 020 | _a9506793409 | ||
| 040 |
_aCO-CtgCURN _bspa _ccoctgcurn |
||
| 082 |
_a613 _bE74c |
||
| 100 |
_aEscobar, Raúl Tomás _eautor |
||
| 245 | 0 |
_aEl crimen de la droga : _btóxicos, depresores, estimulantes, drogadicción, lavado de dinero, narcotráfico, narcoterrorismo, carteles, mafias / _cRaúl Tomás Escobar |
|
| 250 |
_a3 edición _bactualizada |
||
| 260 |
_aBuenos Aires, Argentina : _bEditorial Universidad, _c1995 |
||
| 300 |
_a407 páginas ; _c23 centímetros |
||
| 500 | _aIncluye índice | ||
| 504 | _aIncluye referencias bibliográficas (p. [403]-407) | ||
| 505 | _aCap. I. Drogas, medicamentos, efectos y clasificación -- Cap. II. drogas y naturaleza -- Cap. III. Contaminación del agua, del aire y del suelo -- Cap. IV. Depresores del sistema nervioso central -- Pte. 1. Opio. Morfina. Heroína -- Pte. 2. Hipnoanalgésicos o narcóticos. Hipnosedantes. Ansiolíticos. Neurolépticos. Alcohol -- Cap. V. Estimulantes del sistema nervioso central -- Pte. 1. Aminas despertadoras. Anfetaminas. Anorexígenos. Anabólicos. Efedrina. Presente y futuro de las drogas sintéticas. Los narcóticos sintéticos modernos. Cafeína. Xantina. Tabaco -- Pte. 2. Alucinógenos -- Seccion 1. Los "hippies", "beatniks", "yippies", "punks" y los alucinógenos. Hongos y cactos alucinógenos -- Seccion 2. LSD-25. Marihuana. Cocaína -- Cap. VI. La politoxicomanía y sus mezclas -- Cap. VII. El retorno a la vida -- Cap. VIII. Lavado de dinero -- Cap. IX. Narcotráfico y narcoterrorismo. Mafias. Carteles -- | ||
| 521 | _aAREA BASICA | ||
| 590 | _aPrograma de Enfermería_27 | ||
| 650 | _aAbuso de drogas | ||
| 942 |
_cBK _h613 _iE74c _2ddc |
||
| 999 |
_c30106 _d30106 |
||